000
00196 a2200097 4500
001
59311
100
_a
245
_a
English IGCSE
260
_a
London
_b
John Murray
_c
2001
090
_c
36337
_d
36337
942
_a
NUST-CAE
_c
_c
29266
999
_c
294384
_d
294384